[Event "Commonwealth Open 2019"]
[Site "Delhi"]
[Date "2019.07.05"]
[Round "7.15"]
[White "Varshini, V."]
[Black "Thejkumar, M. S."]
[Result "1/2-1/2"]
[WhiteElo "2087"]
[BlackElo "2458"]
[Annotator "ChessBase"]
[PlyCount "129"]
[EventDate "2019.06.30"]
[EventType "swiss"]
[EventCountry "IND"]
[SourceTitle "playchess.com"]
[Source "ChessBase"]
[SourceQuality "1"]
[TimeControl "5400+30"]

1. e4 {[%emt 0:00:00]} c6 {[%emt 0:00:00]} 2. d4 {[%emt 0:00:00]} d5 {[%emt 0:00:00]} 3. Nc3 {[%emt 0:00:09]} dxe4 {[%emt 0:00:00]} 4. Nxe4 {[%emt 0:00:11]} Bf5 {[%emt 0:00:06]} 5. Ng3 {[%emt 0:00:08]} Bg6 {[%emt 0:00:15]} 6. Bc4 {[%emt 0:00:35]} e6 {[%emt 0:00:27]} 7. N1e2 {[%emt 0:00:50]} Nf6 {[%emt 0:00:37]} 8. h4 {[%emt 0:03:13]} h6 {[%emt 0:00:18]} 9. Nf4 {[%emt 0:02:49]} Bh7 {[%emt 0:00:07]} 10. c3 {[%emt 0:02:17]} Nbd7 {[%emt 0:02:06]} 11. Ngh5 {[%emt 0:06:44]} Qc7 {[%emt 0:01:53]} 12. Nxf6+ {[%emt 0:05:13]} Nxf6 {[%emt 0:00:16]} 13. Nh5 {[%emt 0:01:57]} Nd5 {[%emt 0:02:22]} 14. Bxd5 {[%emt 0:10:09]} cxd5 {[%emt 0:04:32]} 15. Bf4 {[%emt 0:01:10]} Qc4 {[%emt 0:04:04]} 16. Be5 {[%emt 0:13:24]} f6 {[%emt 0:28:51]} 17. Bh2 {[%emt 0:13:03]} Bf5 {[%emt 0:18:21]} 18. Ng3 {[%emt 0:03:34]} Bg6 {[%emt 0:01:18]} 19. Qe2 {[%emt 0:02:49]} Qxe2+ {[%emt 0:05:38]} 20. Nxe2 {[%emt 0:00:10]} Kf7 {[%emt 0:01:24]} 21. Kd2 {[%emt 0:01:59]} b5 {[%emt 0:04:29]} 22. Nf4 {[%emt 0:04:04]} Bf5 {[%emt 0:01:47]} 23. Nd3 {[%emt 0:00:20]} a5 {[%emt 0:02:21]} 24. a4 {[%emt 0:04:08]} Bxd3 {[%emt 0:04:48]} 25. Kxd3 {[%emt 0:00:11]} b4 {[%emt 0:00:05]} 26. Rhc1 {[%emt 0:03:54]} Rc8 {[%emt 0:03:21]} 27. cxb4 {[%emt 0:07:02]} Bxb4 {[%emt 0:00:05]} 28. Bf4 {[%emt 0:00:12]} g5 {[%emt 0:01:26]} 29. hxg5 {[%emt 0:01:23]} hxg5 {[%emt 0:00:06]} 30. Rxc8 {[%emt 0:00:35]} Rxc8 {[%emt 0:00:20]} 31. Rc1 {[%emt 0:00:23]} Rh8 {[%emt 0:00:33]} 32. Bg3 {[%emt 0:02:09]} Kg6 {[%emt 0:00:41]} 33. f3 {[%emt 0:09:08]} Kf5 {[%emt 0:00:22]} 34. Ke3 {[%emt 0:00:50]} Rh7 {[%emt 0:04:01]} 35. Bc7 {[%emt 0:02:03]} g4 {[%emt 0:00:36]} 36. Rc6 {[%emt 0:00:33]} Rh1 {[%emt 0:06:16]} 37. Ra6 {[%emt 0:00:35]} gxf3 {[%emt 0:00:34]} 38. gxf3 {[%emt 0:00:25]} Ra1 {[%emt 0:00:17]} 39. b3 {[%emt 0:00:32]} Rb1 {[%emt 0:00:28]} 40. Bxa5 {[%emt 0:00:28]} Rxb3+ {[%emt 0:00:06]} 41. Ke2 {[%emt 0:00:30]} Bxa5 {[%emt 0:00:27]} 42. Rxa5 {[%emt 0:00:05]} Kf4 {[%emt 0:00:19]} 43. Ra6 {[%emt 0:00:43]} Re3+ {[%emt 0:00:13]} 44. Kd2 {[%emt 0:00:05]} Kxf3 {[%emt 0:00:13]} 45. Rc6 {[%emt 0:00:52]} Re2+ {[%emt 0:00:43]} 46. Kd3 {[%emt 0:00:31]} f5 {[%emt 0:00:31]} 47. a5 {[%emt 0:00:45]} Ra2 {[%emt 0:00:51]} 48. a6 {[%emt 0:00:24]} Ra3+ {[%emt 0:00:58]} 49. Kc2 {[%emt 0:00:31]} Ke4 {[%emt 0:00:08]} 50. Kb2 {[%emt 0:00:30]} Ra5 {[%emt 0:00:44]} 51. Kc3 {[%emt 0:00:22]} e5 {[%emt 0:00:12]} 52. Re6 {[%emt 0:00:35]} Ra3+ {[%emt 0:00:14]} 53. Kb2 {[%emt 0:00:44]} Ra4 {[%emt 0:01:20]} 54. Kb3 {[%emt 0:00:26]} Ra5 {[%emt 0:00:25]} 55. Rxe5+ {[%emt 0:00:26]} Kxd4 {[%emt 0:00:09]} 56. Rxf5 {[%emt 0:00:06]} Rxa6 {[%emt 0:00:06]} 57. Kc2 {[%emt 0:00:09]} Kc4 {[%emt 0:00:19]} 58. Rf4+ {[%emt 0:00:46]} d4 {[%emt 0:00:04]} 59. Rf3 {[%emt 0:00:57]} Ra1 {[%emt 0:00:38]} 60. Kd2 {[%emt 0:00:26]} Ra2+ {[%emt 0:00:18]} 61. Kd1 {[%emt 0:00:24]} Rh2 {[%emt 0:00:27]} 62. Rg3 {[%emt 0:00:18]} Rh1+ {[%emt 0:01:51]} 63. Kd2 {[%emt 0:00:14]} Ra1 {[%emt 0:00:33]} 64. Rh3 {[%emt 0:00:13]} Ra2+ {[%emt 0:00:11]} 65. Kd1 {[%emt 0:00:08]} 1/2-1/2

[Event "Commonwealth Open 2019"]
[Site "Delhi"]
[Date "2019.07.05"]
[Round "7.15"]
[White "Varshini, V."]
[Black "Thejkumar, M. S."]
[Result "*"]
[WhiteElo "2087"]
[BlackElo "2458"]
[Annotator "ChessBase"]
[PlyCount "39"]
[EventDate "2019.06.30"]
[EventType "swiss"]
[EventCountry "IND"]
[SourceTitle "playchess.com"]
[Source "ChessBase"]
[SourceQuality "1"]
[TimeControl "5400+30"]

1. e4 {[%emt 0:00:00]} c6 {[%emt 0:00:00]} 2. d4 {[%emt 0:00:00]} d5 {[%emt 0:00:00]} 3. Nc3 {[%emt 0:00:09]} dxe4 {[%emt 0:00:00]} 4. Nxe4 {[%emt 0:00:11]} Bf5 {[%emt 0:00:06]} 5. Ng3 {[%emt 0:00:08]} Bg6 {[%emt 0:00:15]} 6. Bc4 {[%emt 0:00:35]} e6 {[%emt 0:00:27]} 7. N1e2 {[%emt 0:00:50]} Nf6 {[%emt 0:00:37]} 8. h4 {[%emt 0:03:13]} h6 {[%emt 0:00:18]} 9. Nf4 {[%emt 0:02:49]} Bh7 {[%emt 0:00:07]} 10. c3 {[%emt 0:02:17]} Nbd7 {[%emt 0:02:06]} 11. Ngh5 {[%emt 0:06:44]} Qc7 {[%emt 0:01:53]} 12. Nxf6+ {[%emt 0:05:13]} Nxf6 {[%emt 0:00:16]} 13. Nh5 {[%emt 0:01:57]} Nd5 {[%emt 0:02:22]} 14. Bxd5 {[%emt 0:10:09]} cxd5 {[%emt 0:04:32]} 15. Bf4 {[%emt 0:01:10]} Qc4 {[%emt 0:04:04]} 16. Be5 {[%emt 0:13:24]} f6 {[%emt 0:28:51]} 17. Bh2 {[%emt 0:13:03]} Bg6 {[%emt 0:19:09]} 18. Ng3 {[%emt 0:05:53]} O-O-O {[%emt 0:00:30]} 19. Qe2 {[%emt 0:00:30]} Qxe2+ {[%emt 0:05:38]} 20. Nxe2 {[%emt 0:00:10]} *

[Event "Commonwealth Open 2019"]
[Site "Delhi"]
[Date "2019.07.05"]
[Round "7.16"]
[White "Thipsay, Praveen M"]
[Black "Sanskriti, Goyal"]
[Result "0-1"]
[WhiteElo "2405"]
[BlackElo "1951"]
[Annotator "NA"]
[PlyCount "56"]
[EventDate "2019.06.30"]
[EventType "swiss"]
[EventCountry "IND"]
[SourceTitle "playchess.com"]
[Source "ChessBase"]
[SourceQuality "1"]
[TimeControl "5400+30"]

1. e4 {[%emt 0:00:00]} d6 {[%emt 0:00:00]} 2. d4 {[%emt 0:00:00]} Nf6 {[%emt 0:00:00]} 3. Nc3 {[%emt 0:00:09]} g6 {[%emt 0:00:04]} 4. f4 {[%emt 0:01:02]} Bg7 {[%emt 0:00:49]} 5. Nf3 {[%emt 0:00:34]} O-O {[%emt 0:00:09]} 6. e5 {[%emt 0:02:01]} Nfd7 {[%emt 0:01:56]} 7. h4 {[%emt 0:14:05]} c5 {[%emt 0:05:11]} 8. h5 {[%emt 0:05:02]} cxd4 {[%emt 0:01:34]} 9. Qxd4 {[%emt 0:06:51]} dxe5 {[%emt 0:02:47]} 10. Qf2 {[%emt 0:00:33]} e4 {[%emt 0:01:27]} 11. Ng5 {[%emt 0:06:43]} Nf6 {[%emt 0:15:33]} 12. hxg6 {[%emt 0:00:07]} hxg6 {[%emt 0:00:19]} 13. Qh4 {[%emt 0:19:51]} Qb6 {[%emt 0:17:12]} 14. Bc4 {[%emt 0:29:29]} Be6 {[%emt 0:10:33]} 15. Nxe6 {[%emt 0:02:04]} fxe6 {[%emt 0:03:07]} 16. g4 {[%emt 0:03:12]} Rc8 {[%emt 0:07:06]} 17. Bb3 {[%emt 0:00:35]} Nbd7 {[%emt 0:05:56]} 18. Qh3 {[%emt 0:00:16]} Nd5 {[%emt 0:09:26]} 19. f5 {[%emt 0:01:59]} Rxc3 {[%emt 0:02:42]} 20. Qh7+ {[%emt 0:00:22]} Kf8 {[%emt 0:00:53]} 21. bxc3 {[%emt 0:00:20]} N5f6 {[%emt 0:04:33]} 22. Qh3 {[%emt 0:00:51]} Ne5 {[%emt 0:03:02]} 23. Bh6 {[%emt 0:00:43]} Nexg4 {[%emt 0:00:20]} 24. Bxg7+ {[%emt 0:00:26]} Kxg7 {[%emt 0:00:01]} 25. fxg6 {[%emt 0:02:21]} Qf2+ {[%emt 0:02:54]} 26. Kd1 {[%emt 0:00:04]} Qf4 {[%emt 0:00:12]} 27. Ke1 {[%emt 0:00:03]} Rd8 {[%emt 0:01:53]} 28. Qg2 {[%emt 0:00:33]} Qe3+ {[%emt 0:00:41]} 0-1

[Event "Commonwealth Open 2019"]
[Site "Delhi"]
[Date "2019.07.05"]
[Round "7.17"]
[White "Mahalakshmi, M."]
[Black "Sanjeet, Manohar"]
[Result "1-0"]
[WhiteElo "2245"]
[BlackElo "1905"]
[Annotator "NA"]
[PlyCount "73"]
[EventDate "2019.06.30"]
[EventType "swiss"]
[EventCountry "IND"]
[SourceTitle "playchess.com"]
[Source "ChessBase"]
[SourceQuality "1"]
[TimeControl "5400+30"]

1. d4 {[%emt 0:00:00]} Nf6 {[%emt 0:00:00]} 2. c4 {[%emt 0:00:05]} g6 {[%emt 0:00:00]} 3. Nc3 {[%emt 0:00:04]} Bg7 {[%emt 0:00:00]} 4. e4 {[%emt 0:00:06]} d6 {[%emt 0:00:00]} 5. Nf3 {[%emt 0:00:04]} O-O {[%emt 0:02:21]} 6. Be2 {[%emt 0:00:02]} e5 {[%emt 0:00:09]} 7. Be3 {[%emt 0:00:04]} Ng4 {[%emt 0:07:09]} 8. Bg5 {[%emt 0:00:11]} Qe8 {[%emt 0:01:15]} 9. h3 {[%emt 0:06:49]} Nf6 {[%emt 0:07:07]} 10. dxe5 {[%emt 0:03:14]} dxe5 {[%emt 0:00:08]} 11. O-O {[%emt 0:01:08]} Na6 {[%emt 0:10:04]} 12. Qc2 {[%emt 0:05:14]} c6 {[%emt 0:01:52]} 13. Rad1 {[%emt 0:02:02]} Nc7 {[%emt 0:03:35]} 14. Be3 {[%emt 0:05:45]} Nd7 {[%emt 0:13:45]} 15. c5 {[%emt 0:03:02]} Ne6 16. b4 {[%emt 0:00:47]} a5 {[%emt 0:03:28]} 17. a3 {[%emt 0:02:05]} Kh8 {[%emt 0:06:40]} 18. Na4 {[%emt 0:05:26]} axb4 {[%emt 0:02:01]} 19. axb4 {[%emt 0:05:10]} f5 {[%emt 0:00:07]} 20. exf5 {[%emt 0:11:44]} gxf5 {[%emt 0:00:10]} 21. Bc4 {[%emt 0:02:49]} e4 {[%emt 0:02:33]} 22. Nd4 {[%emt 0:03:56]} Ne5 {[%emt 0:02:12]} 23. Nb6 {[%emt 0:01:11]} Nxd4 {[%emt 0:12:32]} 24. Bxd4 {[%emt 0:02:14]} Qg6 {[%emt 0:01:32]} 25. Bxe5 {[%emt 0:09:14]} Bxe5 {[%emt 0:00:03]} 26. f4 {[%emt 0:03:08]} exf3 {[%emt 0:02:13]} 27. Nxa8 {[%emt 0:00:42]} Qg3 {[%emt 0:03:29]} 28. Rxf3 {[%emt 0:00:43]} Qh2+ {[%emt 0:00:36]} 29. Kf1 {[%emt 0:01:53]} Re8 {[%emt 0:01:08]} 30. Qf2 {[%emt 0:01:21]} Bb8 {[%emt 0:04:00]} 31. Qd4+ {[%emt 0:00:30]} Be5 {[%emt 0:00:28]} 32. Qg1 {[%emt 0:00:07]} Qxg1+ {[%emt 0:03:25]} 33. Kxg1 {[%emt 0:00:02]} f4 {[%emt 0:00:07]} 34. Rfd3 {[%emt 0:01:23]} Bf6 {[%emt 0:00:22]} 35. Rd6 {[%emt 0:01:05]} Bh4 {[%emt 0:00:49]} 36. Nc7 {[%emt 0:01:04]} Rf8 {[%emt 0:00:26]} 37. Be6 {[%emt 0:01:09]} 1-0

[Event "Commonwealth Open 2019"]
[Site "Delhi"]
[Date "2019.07.05"]
[Round "7.18"]
[White "Saypuri, Srithan"]
[Black "Srihari L R"]
[Result "1/2-1/2"]
[WhiteElo "1816"]
[BlackElo "2200"]
[Annotator "NA"]
[PlyCount "119"]
[EventDate "2019.06.30"]
[EventType "swiss"]
[EventCountry "IND"]
[SourceTitle "playchess.com"]
[Source "ChessBase"]
[SourceQuality "1"]
[TimeControl "5400+30"]

1. e4 {[%emt 0:04:30]} g6 {[%emt 0:00:07]} 2. d4 {[%emt 0:00:06]} Bg7 {[%emt 0:00:06]} 3. Nc3 {[%emt 0:00:03]} d6 {[%emt 0:00:06]} 4. Be3 {[%emt 0:00:09]} Nd7 {[%emt 0:04:10]} 5. Qd2 {[%emt 0:00:21]} a6 {[%emt 0:02:53]} 6. Bd3 {[%emt 0:04:39]} b5 {[%emt 0:02:29]} 7. f3 {[%emt 0:04:05]} Bb7 {[%emt 0:01:04]} 8. Rd1 {[%emt 0:04:40]} Rc8 {[%emt 0:03:35]} 9. Nce2 {[%emt 0:01:59]} c5 {[%emt 0:01:31]} 10. c3 {[%emt 0:00:17]} e5 11. d5 {[%emt 0:05:47]} c4 {[%emt 0:11:58]} 12. Bb1 {[%emt 0:01:43]} Bh6 {[%emt 0:06:29]} 13. Nh3 {[%emt 0:08:05]} Qh4+ {[%emt 0:01:46]} 14. Nf2 {[%emt 0:00:23]} Bxe3 {[%emt 0:00:12]} 15. Qxe3 {[%emt 0:00:06]} Qh6 16. Ng4 {[%emt 0:06:16]} Qf8 {[%emt 0:01:23]} 17. Nf2 {[%emt 0:11:58]} Qh6 {[%emt 0:06:22]} 18. Ng4 {[%emt 0:03:06]} Qxe3 {[%emt 0:05:58]} 19. Nxe3 {[%emt 0:00:07]} Ne7 {[%emt 0:00:07]} 20. O-O {[%emt 0:04:08]} O-O {[%emt 0:00:54]} 21. f4 {[%emt 0:03:35]} exf4 {[%emt 0:19:27]} 22. Rxf4 {[%emt 0:02:14]} Kg7 {[%emt 0:03:13]} 23. Nd4 {[%emt 0:04:13]} Rce8 {[%emt 0:03:08]} 24. Kf1 {[%emt 0:05:22]} Nc5 {[%emt 0:00:47]} 25. Ke2 {[%emt 0:01:00]} Na4 {[%emt 0:02:15]} 26. Rd2 {[%emt 0:00:59]} Bc8 {[%emt 0:06:41]} 27. Kf2 {[%emt 0:05:32]} Ng8 {[%emt 0:00:56]} 28. Kg1 {[%emt 0:03:44]} Nc5 {[%emt 0:01:16]} 29. Nf1 {[%emt 0:03:04]} Nf6 {[%emt 0:02:42]} 30. Ng3 {[%emt 0:00:48]} h5 {[%emt 0:00:07]} 31. h4 {[%emt 0:01:38]} Bd7 {[%emt 0:00:44]} 32. Nf3 {[%emt 0:04:18]} Re7 {[%emt 0:01:45]} 33. Ng5 {[%emt 0:01:01]} Ng4 {[%emt 0:00:17]} 34. Nf3 {[%emt 0:01:33]} Rfe8 {[%emt 0:00:40]} 35. Nd4 {[%emt 0:00:32]} f6 {[%emt 0:07:01]} 36. Rd1 {[%emt 0:02:32]} Ne3 {[%emt 0:00:36]} 37. Rd2 {[%emt 0:00:25]} Ng4 {[%emt 0:00:31]} 38. Rd1 {[%emt 0:00:09]} Ne5 {[%emt 0:01:19]} 39. Rd2 {[%emt 0:01:14]} Bg4 {[%emt 0:00:59]} 40. Kh2 {[%emt 0:01:19]} Rb7 {[%emt 0:02:00]} 41. Nc6 {[%emt 0:00:31]} Rc8 {[%emt 0:02:09]} 42. Nxe5 {[%emt 0:01:22]} fxe5 {[%emt 0:00:16]} 43. Rf1 {[%emt 0:00:03]} Rf8 {[%emt 0:00:45]} 44. Rxf8 {[%emt 0:00:32]} Kxf8 {[%emt 0:00:01]} 45. Rf2+ {[%emt 0:00:07]} Rf7 {[%emt 0:00:52]} 46. Rxf7+ {[%emt 0:00:05]} Kxf7 {[%emt 0:00:01]} 47. Bc2 {[%emt 0:00:21]} a5 {[%emt 0:00:28]} 48. a3 {[%emt 0:00:05]} Kf6 {[%emt 0:00:24]} 49. Nf1 {[%emt 0:01:19]} Be2 {[%emt 0:00:10]} 50. Nd2 {[%emt 0:00:03]} Bd3 {[%emt 0:00:17]} 51. Bxd3 {[%emt 0:00:05]} Nxd3 {[%emt 0:00:27]} 52. b4 {[%emt 0:00:04]} cxb3 {[%emt 0:01:25]} 53. Nxb3 a4 {[%emt 0:00:21]} 54. Nd2 {[%emt 0:00:26]} g5 {[%emt 0:00:33]} 55. g3 {[%emt 0:00:07]} Ne1 {[%emt 0:00:52]} 56. c4 {[%emt 0:00:41]} b4 {[%emt 0:00:47]} 57. axb4 {[%emt 0:00:05]} g4 {[%emt 0:00:19]} 58. Nb1 {[%emt 0:02:03]} Nc2 {[%emt 0:00:27]} 59. Nc3 {[%emt 0:01:11]} a3 {[%emt 0:00:11]} 60. Na2 {[%emt 0:00:05]} 1/2-1/2

[Event "Commonwealth Open 2019"]
[Site "Delhi"]
[Date "2019.07.05"]
[Round "7.19"]
[White "Aaryan Varshney"]
[Black "Sa, Kannan"]
[Result "1-0"]
[WhiteElo "2284"]
[BlackElo "1947"]
[Annotator "NA"]
[PlyCount "63"]
[EventDate "2019.06.30"]
[EventType "swiss"]
[EventCountry "IND"]
[SourceTitle "playchess.com"]
[Source "ChessBase"]
[SourceQuality "1"]
[TimeControl "5400+30"]

1. d4 {[%emt 0:00:00]} c5 {[%emt 0:15:27]} 2. d5 {[%emt 0:00:00]} d6 {[%emt 0:00:52]} 3. c4 {[%emt 0:00:00]} g6 {[%emt 0:00:20]} 4. e4 {[%emt 0:00:17]} Bg7 {[%emt 0:00:29]} 5. Nf3 {[%emt 0:00:38]} Nd7 {[%emt 0:02:12]} 6. Be2 {[%emt 0:02:28]} Ngf6 {[%emt 0:03:14]} 7. Nc3 {[%emt 0:00:28]} O-O {[%emt 0:00:30]} 8. O-O {[%emt 0:00:07]} Ne8 {[%emt 0:01:31]} 9. Bf4 {[%emt 0:01:41]} Ne5 {[%emt 0:09:07]} 10. Nxe5 {[%emt 0:03:37]} dxe5 {[%emt 0:00:23]} 11. Be3 {[%emt 0:00:13]} b6 {[%emt 0:01:07]} 12. a3 {[%emt 0:00:30]} Nd6 {[%emt 0:02:18]} 13. b4 {[%emt 0:01:50]} Bd7 {[%emt 0:11:38]} 14. f3 {[%emt 0:20:20]} Rc8 {[%emt 0:06:25]} 15. bxc5 {[%emt 0:07:35]} bxc5 {[%emt 0:01:31]} 16. Qc2 {[%emt 0:02:27]} a6 {[%emt 0:08:55]} 17. Rfb1 {[%emt 0:00:53]} Qa5 {[%emt 0:00:13]} 18. Rb2 {[%emt 0:03:42]} Rb8 {[%emt 0:01:02]} 19. Rab1 {[%emt 0:01:22]} Qc7 {[%emt 0:04:01]} 20. Bd3 {[%emt 0:04:13]} f5 {[%emt 0:06:58]} 21. Rxb8 {[%emt 0:02:30]} Rxb8 {[%emt 0:00:02]} 22. Rxb8+ {[%emt 0:00:02]} Qxb8 {[%emt 0:00:02]} 23. Bxc5 {[%emt 0:00:26]} Qc8 {[%emt 0:01:13]} 24. Qf2 {[%emt 0:00:44]} Bh6 {[%emt 0:00:19]} 25. Nd1 {[%emt 0:07:14]} Bc1 {[%emt 0:03:53]} 26. Kh1 {[%emt 0:08:21]} f4 {[%emt 0:09:26]} 27. Nc3 {[%emt 0:07:17]} Kf7 {[%emt 0:09:14]} 28. Na2 {[%emt 0:02:12]} Nb7 {[%emt 0:00:20]} 29. Bxe7 {[%emt 0:01:35]} Be3 {[%emt 0:01:15]} 30. Qh4 {[%emt 0:00:02]} Qg8 {[%emt 0:00:31]} 31. Qf6+ {[%emt 0:00:14]} Ke8 {[%emt 0:00:03]} 32. Qxe5 {[%emt 0:01:50]} 1-0

[Event "Commonwealth Open 2019"]
[Site "Delhi"]
[Date "2019.07.05"]
[Round "7.20"]
[White "Saurabh, Anand"]
[Black "Anilkumar, O.T."]
[Result "0-1"]
[WhiteElo "2351"]
[BlackElo "1989"]
[Annotator "NA"]
[PlyCount "148"]
[EventDate "2019.06.30"]
[EventType "swiss"]
[EventCountry "IND"]
[SourceTitle "playchess.com"]
[Source "ChessBase"]
[SourceQuality "1"]
[TimeControl "5400+30"]

1. d4 {[%emt 0:05:47]} g6 {[%emt 0:00:00]} 2. e4 {[%emt 0:00:15]} c6 {[%emt 0:00:00]} 3. Nc3 {[%emt 0:00:16]} Bg7 {[%emt 0:00:00]} 4. f4 {[%emt 0:00:36]} d5 {[%emt 0:00:00]} 5. e5 {[%emt 0:00:12]} h5 {[%emt 0:00:00]} 6. Nf3 {[%emt 0:01:36]} Nh6 {[%emt 0:00:11]} 7. Bd3 {[%emt 0:00:08]} Bg4 {[%emt 0:00:02]} 8. h3 {[%emt 0:03:32]} Bxf3 {[%emt 0:00:02]} 9. Qxf3 {[%emt 0:00:09]} e6 {[%emt 0:00:05]} 10. O-O {[%emt 0:00:35]} h4 {[%emt 0:00:02]} 11. Be3 {[%emt 0:01:24]} Nf5 {[%emt 0:00:04]} 12. Bf2 {[%emt 0:00:13]} Nd7 {[%emt 0:00:06]} 13. b3 {[%emt 0:00:10]} Bf8 {[%emt 0:01:57]} 14. Ne2 {[%emt 0:00:40]} b5 {[%emt 0:04:53]} 15. c4 {[%emt 0:01:12]} a6 {[%emt 0:00:44]} 16. a4 {[%emt 0:03:11]} bxc4 {[%emt 0:03:28]} 17. bxc4 {[%emt 0:08:17]} Bb4 {[%emt 0:00:02]} 18. Rfc1 {[%emt 0:01:37]} Kf8 {[%emt 0:00:30]} 19. cxd5 {[%emt 0:01:19]} cxd5 {[%emt 0:00:03]} 20. Rc6 {[%emt 0:00:29]} Rc8 {[%emt 0:10:48]} 21. Rxa6 {[%emt 0:08:28]} Nb8 {[%emt 0:00:10]} 22. Ra8 {[%emt 0:00:29]} Qd7 {[%emt 0:10:10]} 23. Bxf5 {[%emt 0:08:00]} gxf5 {[%emt 0:02:20]} 24. Qb3 {[%emt 0:00:09]} Qb7 {[%emt 0:09:02]} 25. Ra5 {[%emt 0:00:19]} Nc6 {[%emt 0:01:52]} 26. Rb5 {[%emt 0:00:10]} Qe7 {[%emt 0:00:24]} 27. Rc1 {[%emt 0:00:25]} Kg7 {[%emt 0:00:39]} 28. Rxc6 {[%emt 0:00:28]} Rxc6 {[%emt 0:00:15]} 29. Qxb4 {[%emt 0:00:00]} Qxb4 {[%emt 0:00:30]} 30. Rxb4 {[%emt 0:00:00]} Rc2 {[%emt 0:00:19]} 31. Kf1 {[%emt 0:00:16]} Ra2 {[%emt 0:00:02]} 32. Be1 {[%emt 0:03:05]} Rc8 {[%emt 0:01:33]} 33. Nc3 {[%emt 0:02:48]} Ra3 {[%emt 0:00:25]} 34. Rb1 {[%emt 0:02:56]} Rc4 {[%emt 0:01:14]} 35. Rd1 {[%emt 0:01:24]} Kg6 {[%emt 0:00:03]} 36. Kg1 {[%emt 0:06:42]} Kh5 {[%emt 0:00:33]} 37. Kf1 {[%emt 0:13:43]} Kg6 {[%emt 0:00:21]} 38. Kf2 {[%emt 0:00:15]} Kh5 {[%emt 0:00:32]} 39. Ke2 {[%emt 0:00:08]} Rb4 {[%emt 0:05:48]} 40. Kf1 {[%emt 0:13:32]} Rc4 {[%emt 0:00:51]} 41. Kg1 {[%emt 0:00:07]} Kh6 {[%emt 0:03:00]} 42. Kh1 {[%emt 0:00:36]} Kh5 {[%emt 0:00:19]} 43. Kh2 {[%emt 0:00:29]} Kh6 {[%emt 0:00:09]} 44. Rb1 {[%emt 0:03:04]} Kg6 {[%emt 0:00:47]} 45. Ne2 {[%emt 0:04:05]} Ra2 {[%emt 0:00:50]} 46. Ng1 {[%emt 0:02:55]} Rxd4 {[%emt 0:00:17]} 47. Nf3 {[%emt 0:02:11]} Rxf4 {[%emt 0:04:24]} 48. Nxh4+ {[%emt 0:00:08]} Kg7 {[%emt 0:00:23]} 49. a5 {[%emt 0:00:26]} Rf1 {[%emt 0:01:07]} 50. Kg3 {[%emt 0:00:43]} Rxa5 {[%emt 0:02:20]} 51. Nf3 {[%emt 0:01:48]} Ra2 {[%emt 0:00:59]} 52. h4 {[%emt 0:00:15]} Re2 {[%emt 0:00:10]} 53. Rd1 {[%emt 0:00:57]} Kg6 {[%emt 0:00:22]} 54. Ra1 {[%emt 0:00:48]} d4 {[%emt 0:01:02]} 55. Rd1 {[%emt 0:01:10]} d3 {[%emt 0:00:49]} 56. Rxd3 {[%emt 0:00:45]} Rfxe1 {[%emt 0:00:03]} 57. Nxe1 {[%emt 0:00:04]} Rxe1 {[%emt 0:00:01]} 58. Rd7 {[%emt 0:00:28]} Re3+ {[%emt 0:00:14]} 59. Kf2 {[%emt 0:00:10]} Rxe5 {[%emt 0:00:05]} 60. g3 {[%emt 0:00:56]} Re4 {[%emt 0:00:21]} 61. Kf3 {[%emt 0:00:12]} Kf6 {[%emt 0:00:34]} 62. Ra7 {[%emt 0:00:01]} Rb4 {[%emt 0:00:31]} 63. Rc7 {[%emt 0:00:04]} Rb3+ {[%emt 0:00:38]} 64. Kf2 {[%emt 0:00:01]} Rb6 {[%emt 0:00:01]} 65. Kf3 {[%emt 0:00:11]} e5 {[%emt 0:01:16]} 66. Ra7 {[%emt 0:00:03]} Kg6 {[%emt 0:00:14]} 67. Rc7 {[%emt 0:00:12]} Rb3+ {[%emt 0:00:13]} 68. Kf2 {[%emt 0:00:04]} f6 {[%emt 0:00:05]} 69. Ra7 {[%emt 0:00:02]} e4 {[%emt 0:01:02]} 70. Re7 {[%emt 0:01:08]} Rb2+ {[%emt 0:00:28]} 71. Ke3 {[%emt 0:00:04]} Rg2 {[%emt 0:00:04]} 72. h5+ {[%emt 0:01:08]} Kxh5 {[%emt 0:00:26]} 73. Rg7 {[%emt 0:00:04]} Kh6 {[%emt 0:00:01]} 74. Rg8 {[%emt 0:00:12]} Kh7 {[%emt 0:00:02]} 0-1